| 000 | 00951nam a2200241Ia 4500 | ||
|---|---|---|---|
| 008 | 200826s9999||||xx |||||||||||||| ||und|| | ||
| 020 | _a9789867955197 | ||
| 020 | _a9867955196 | ||
| 041 |
_achi _heng |
||
| 050 |
_aBT732.4 _b.O43 2002 |
||
| 100 | _aOmartian, Stormie | ||
| 245 | 0 |
_a活出生命的色彩 : _b揮別傷痛,天色再藍 = Lord, I want to be whole: the power of prayer and scripture in emotional healing / _c史多美.奧瑪森 (Stormie Omartian) 著; 許一新譯 |
|
| 246 |
_a活出生命的色彩 : _b挥别伤痛.天色再蓝/ |
||
| 260 |
_a台北: _b雅歌, _c2002 |
||
| 300 |
_a240 p. _b; _c21 cm. |
||
| 490 | _a心理叢書 | ||
| 500 | _aTranslation of: Lord, I want to be whole: the power of prayer and scripture in emotional healing. | ||
| 650 | _aChristian women -- Religious life. | ||
| 650 | _aMental health -- Religious aspects -- Christianity. | ||
| 700 | _a奧瑪森 | ||
| 700 | _a許一新 | ||
| 999 |
_c19664 _d19664 |
||